|
|
|
|
| LEADER |
00881nam a22001937a 4500 |
| 008 |
161221b xxu||||| |||| 00| 0 eng d |
| 999 |
|
|
|c 16211
|d 16211
|
| 020 |
|
|
|a 9798187599226
|
| 082 |
|
|
|a 894.11
|b THA
|
| 100 |
|
|
|a തമ്പി, ശ്രീകുമാരന്
|
| 240 |
|
|
|a Sreekumaran Thampiyute koumara kavithakal
|
| 245 |
|
|
|a ശ്രീകുമാരന് തമ്പിയുടെ കൗമാര കവിതകള് /
|c ശ്രീകുമാരന്തമ്പി
|
| 250 |
|
|
|a 1st ed.
|
| 260 |
|
|
|a കോട്ടയം :
|b അസെന്ഡ് പബ്ലിക്കേഷന്സ്,
|c 2016.
|
| 300 |
|
|
|a 124p.
|
| 650 |
|
|
|a Poems
|
| 700 |
|
|
|a Thampi, Sreekumaran
|
| 942 |
|
|
|2 ddc
|c BK
|
| 952 |
|
|
|0 0
|1 0
|2 ddc
|4 0
|6 894_110000000000000_THA
|7 0
|9 22747
|a MAIN
|b MAIN
|d 2016-12-21
|e Kairali Books
|g 100.00
|o 894.11 THA
|p 22895
|r 2016-12-21
|t 1
|w 2016-12-21
|y BK
|